Malcolm in the Middle Characters - Statistics

General Stats
  • This quiz has been taken 484 times
    454 since last reset
  • The average score is 12 of 20
Answer Stats
Answer % Correct
Malcolm
98%
Reese
98%
Hal
97%
Lois
95%
Dewey
94%
Francis
94%
Stevie
85%
Jamie
76%
Craig
72%
Piama
50%
Abe
46%
Kitty
42%
Otto
40%
Cynthia
35%
Ida
35%
Gretchen
30%
Dabney
28%
Eric
28%
Caroline
12%
Polly
6%
No matching quizzes found
Score Distribution
Percent of People with Each Score
Percentile by Number Answered
Your Score History
You have not taken this quiz since the last reset